Zgadnij dzielnice Radomia po 3 ulicach - Statystyki

Ogólne statystyki
  • Ten quiz został rozwiązany 100 razy
  • Średni wynik to 22 z 56
Statystyki odpowiedzi
Hint Odpowiedź % Poprawnych
Żeromskiego, Moniuszki, Piłsudskiego Śródmieście
76%
Północna, Kozienicka, aleja Wojska Polskiego Gołębiów
74%
Wierzbicka, Sycyńska, Urszuli Południe
72%
Mieszka I, Królowej Jadwigi, Warszawska MIchałów
66%
Ofiar Firleja, Trzebińskiego, Warszawska Firlej
62%
Maratońska, Dębowa, Bulwarowa Borki
57%
Wiertnicza, Gałczyńskiego, Idalińska Idalin
56%
Lipskiego, Stalowa, Starokrakowska Potkanów
53%
Śląska, Grzecznarowskiego, Jana Pawła II Ustronie
52%
Słowackiego, Kwiatkowskiego, Złota Glinice
51%
Wośnicka, Kielecka, Skrajna Wośniki
51%
Kościuszki, 1905 Roku, Narutowicza Planty
50%
Zbrowskiego, Struga, Gołębiowska Gołębiów I
49%
Malczewskiego, Warszawska, Rodziny Winczewskich Obozisko
47%
Witosa, Wincentowska, Wielogórska Wincentów
45%
Błędowska, Kasztelańska, Klwatecka Wólka Klwatecka
45%
Kielecka, Maratońska, Główna Zamłynie
45%
Gajl, Nowa Wola Gołębiowska, Potkańskiego Nowa Wola Gołębiowska
44%
Zbrowskiego, Chrobrego, Zółkiewskiego Gołębiów II
43%
Wyścigowa, Kuronia, Starachowicka Prędocinek
43%
Kierzkowska, Wolanowska, Zachodnia Kierzków
42%
Szklana, Szklana, Sadkowska osiedle Nad Potokiem
42%
Miła, Chrobrego, Struga Osiedle XV-lecia
42%
Aleksandrowicza, Mieszka I, Józefowska Józefów
41%
Krychnowicka, Stalowa, Fundowicza Krychnowice
41%
Folwarczna, Czarnieckiego, Polna Kaptur
40%
Lubelska, aleja Wojska Polskiego, Poranna Sadków
40%
Czarnieckiego, Zielona, Langiewicza Wacyn
40%
Wolanowska, Milejowicka, NSZZ Solidarność Kozia Góra
38%
Żółkiewskiego, Daszyńskiego, Mieszka I osiedle Akademickie
38%
Limanowskiego, Staromiejska, Dębowa Stare Miasto
37%
Drzymały, Wilczyńskiego, Ciborowska Godów
36%
Kielecka, Maratońska, Bulwarowa Halinów
36%
Malenicka, Rzeckiego, Skrzydlata Malenice
36%
Młodzianowska, Gajowa, Wiejska Młodzianów
36%
Potkańskiego, Północna, Energetyków Stara Wola Gołębiowska
36%
Grota Roweckiego, Słowackiego, Piotra Skargi Janiszpol
35%
Szczecińska, Odrodzenia, aleja Wojska Polskiego Dzierzków
33%
Źródłowa, Wodociągowa, Banacha Malczew
31%
Kozienicka, Potkańskiego, Botaniczna Rajec Poduchowny
31%
Północna, Potkańskiego, Kozienicka Rajec Szlachecki
31%
Wjazdowa, Styczniowa, Toruńska Żakowice
30%
Brzustowska, Energetyków, Mieszka I Brzustówka
28%
aleja Wojska Polskiego, Słowackiego, Kmicica Długojów
27%
Mleczna, Mścisława, Cedrowa Mleczna
27%
Szydłowiecka, Szymanowskiego, Kielecka Pruszaków
27%
Witosa, Rataja, Relaksowa Wielogóra
26%
Rwańska, Wolność, Szewska Miasto Kazimierzowskie
24%
Starokrakowska, Gospodarcza, Kosynierów Jeżowa Wola
23%
Mścisława, Huta Józefowska, Mleczna Huta Józefowska
22%
Banacha, Jastrzębskiego, Sołtykowska Nowiny Malczewskie
21%
Skrzydlata, Skaryszewska, Oleńki Długojów Górny
20%
Warszawska, Aleksandrowicza, Janiszewska Młynek Janiszewski
20%
Kielecka, Małcużyńskiego, Wiolinowa Kończyce
17%
Krzewień, Jakubczak, Ofiar Firleja Krzewień
17%
Warszawska, Czarnieckiego, Rybna Koniówka
14%
Nie znaleziono quizów pasujących do podanych kryteriów
Rozkład punktacji
Procent ludzi z każdym wynikiem
Percentyl według liczby udzielonych odpowiedzi
Twoja historia wyników
Nie rozwiązałeś tego quizu